| 000 | 00669nam a2200253Ia 4500 | ||
|---|---|---|---|
| 008 | 180523s9999 xx 000 0 und d | ||
| 020 | _a0-07-123373-3 | ||
| 050 | _aMAIN QA 331.3 | ||
| 050 | _b.B37 2003 c.1 | ||
| 100 | _aBarnett, Raymond A. | ||
| 245 | 0 | _aPrecalculus : | |
| 245 | 0 | _bfunctions and graphs / | |
| 245 | 0 | _cRaymond A. Barnett, Michael R. Ziegler, Kary E. Byleen. | |
| 250 | _a5th Edition | ||
| 260 | _aNew York : | ||
| 260 | _bMcGraw-Hill, | ||
| 260 | _c2003 | ||
| 300 | _a837 pages : | ||
| 300 | _billustrations ; | ||
| 300 | _c25 cm. | ||
| 500 | _aIncludes index. | ||
| 650 | _aFunctions. | ||
| 650 | _xAlgebra -- Graphic methods. | ||
| 999 |
_c357464 _d357464 |
||